00715 2200241 4500001002100000005001700021008004100038020001800079035002500097040001200122082001500134084001500149245011400164260004000278300002700318650002000345700001700365700002500382850001200407990001800419990001800437990001800455INLIS00000000001484720151012081703.0  a978-8452-86-0 a0010-101500000000581 aYOPDYOG 223a297.27 a297.27 Emp a40 hadits shahihb: HAM & demokrasi adalah wasiat Nabic/ Saikhul Hadi [et.all]; Editor, Jajang Husni Hidayat aYogyakartabPustaka Pesantrenc2012 axvi, 122 hlm.c; 18 cm aDemokrasi Islam aSAIKHUL Hadi aJAJANG Husni Hidayat aYOPDYOG a50841-PD/A.15 a50842-PD/A.15 a50843-PD/A.15